Statistics for Complete the Movie Title (2021)

Click here to take the quiz!

General Stats

  • This quiz has been taken 86 times
  • The average score is 13 of 25

Answer Stats

HintAnswer% Correct
A Quiet _____ Part IIPlace
88%
Venom: Let There Be _______Carnage
84%
The Boss Baby 2: Family ________Business
78%
The Girl Who Believes in ________Miracles
76%
Queen ____Bees
74%
Raya and the Last ______Dragon
72%
Shang-Chi and the Legend of the Ten _____Rings
72%
Black _____Widow
70%
The _________: The Devil Made Me Do ItConjuring
69%
Jungle ______Cruise
69%
If I Can't Have Love, I Want _____Power
64%
The Many ______ of NewarkSaints
53%
Free ___Guy
51%
Nightmare _____Alley
49%
Promising Young _____Woman
49%
The French ________Dispatch
43%
The ____ of Tammy FayeEyes
43%
12 Mighty _______Orphans
39%
The War with _______Grandpa
38%
Wrath of ___Man
34%
The Forever _____Purge
32%
______ UntamedSpirit
27%
The Green ______Knight
26%
The Night _____House
19%
The _______ HuntersTruffle
12%

Score Distribution

Percentile by Number Answered

Percent of People with Each Score

Your Score History

You have not taken this quiz